| 000 | 00728nam a2200265Ia 4500 | ||
|---|---|---|---|
| 003 | OSt | ||
| 005 | 20220918163457.0 | ||
| 006 | a|||||r|||| 00| 0 | ||
| 007 | ta | ||
| 008 | 220917b |||||||| |||| 00| 0 eng d | ||
| 020 | _a0041110048 (hbk) | ||
| 024 | _a18,867 | ||
| 037 | _cTextual | ||
| 040 |
_aARTS _cARTS _beng |
||
| 041 |
_2eng _aeng |
||
| 082 | _aR3xMNA:g, L3 | ||
| 100 |
_aLavelie Louis. _913357 |
||
| 245 | 0 | _aDilemma of Narcissus tr by W T Gairdner | |
| 260 |
_aLondon _bGeorge Allen & Unwin _c1973 |
||
| 300 |
_a194p. _ccm. |
||
| 490 | _aMurine and library of philosophy | ||
| 650 |
_aMETAPHYSICS _913358 |
||
| 942 |
_hR3xMNA:g, L3 _cTEXL _2CC |
||
| 999 |
_c119774 _d119774 |
||